Engineering Thermodynamics (Record no. 11510)
[ view plain ]
| 000 -LEADER | |
|---|---|
| fixed length control field | 00372nam a22001697a 4500 |
| 003 - CONTROL NUMBER IDENTIFIER | |
| control field | OSt |
| 008 - FIXED-LENGTH DATA ELEMENTS--GENERAL INFORMATION | |
| fixed length control field | 220906b ||||| |||| 00| 0 eng d |
| 020 ## - INTERNATIONAL STANDARD BOOK NUMBER | |
| International Standard Book Number | 9789352626429 |
| 082 ## - DEWEY DECIMAL CLASSIFICATION NUMBER | |
| Classification number | 621.4021 NAE |
| 100 ## - MAIN ENTRY--PERSONAL NAME | |
| Personal name | NAG,PK |
| 245 ## - TITLE STATEMENT | |
| Title | Engineering Thermodynamics |
| 250 ## - EDITION STATEMENT | |
| Edition statement | 6th |
| 260 ## - PUBLICATION, DISTRIBUTION, ETC. (IMPRINT) | |
| Place of publication, distribution, etc | New Delhi |
| Name of publisher, distributor, etc | TMH |
| Date of publication, distribution, etc | 2022 |
| 300 ## - PHYSICAL DESCRIPTION | |
| Extent | 973 |
| 650 ## - SUBJECT ADDED ENTRY--TOPICAL TERM | |
| Topical term or geographic name as entry element | ME |
| 942 ## - ADDED ENTRY ELEMENTS (KOHA) | |
| Source of classification or shelving scheme | Dewey Decimal Classification |
| Koha item type | Text Books |
| 942 ## - ADDED ENTRY ELEMENTS (KOHA) | |
| -- | 7 |
| Withdrawn status | Lost status | Source of classification or shelving scheme | Damaged status | Not for loan | Collection code | Home library | Current library | Date acquired | Source of acquisition | Currency | Cost, normal purchase price | Bill Number | Total Checkouts | Full call number | Acc. no. / Barcode | Date last seen | Date last borrowed | Actual Cost, discounted price | Bill Date | Koha item type | Checked out |
|---|---|---|---|---|---|---|---|---|---|---|---|---|---|---|---|---|---|---|---|---|---|
| Dewey Decimal Classification | B.Tech(ME) | PIET C-LIBRARY | PIET C-LIBRARY | 29/08/2022 | Kirti Praskshan | IN Rupees | 825.00 | IN862 | 10 | 621.4021 NAE | 33863 | 22/12/2025 | 18/12/2025 | 561.00 | 29/08/2022 | Text Books | |||||
| Dewey Decimal Classification | B.Tech(ME) | PIET C-LIBRARY | PIET C-LIBRARY | 29/08/2022 | Kirti Praskshan | IN Rupees | 825.00 | IN862 | 10 | 621.4021 NAE | 33864 | 17/03/2026 | 17/03/2026 | 561.00 | 29/08/2022 | Text Books | |||||
| Dewey Decimal Classification | B.Tech(ME) | PIET C-LIBRARY | PIET C-LIBRARY | 29/08/2022 | Kirti Praskshan | IN Rupees | 825.00 | IN862 | 2 | 621.4021 NAE | 33865 | 11/10/2024 | 11/10/2024 | 561.00 | 29/08/2022 | Text Books | 29/04/2025 | ||||
| Dewey Decimal Classification | B.Tech(ME) | PIET C-LIBRARY | PIET C-LIBRARY | 29/08/2022 | Kirti Praskshan | IN Rupees | 825.00 | IN862 | 13 | 621.4021 NAE | 33866 | 01/01/2026 | 22/12/2025 | 561.00 | 29/08/2022 | Text Books | |||||
| Dewey Decimal Classification | B.Tech(ME) | PIET C-LIBRARY | PIET C-LIBRARY | 29/08/2022 | Kirti Praskshan | IN Rupees | 825.00 | IN862 | 621.4021 NAE | 33867 | 06/09/2022 | 561.00 | 29/08/2022 | Text Books |